000 00461nmm a2200169Ia 4500
008 251105s9999||||xx |||||||||||||||||und||
020 _a9789681646226
041 _aspa
100 _aRawls, John
245 0 _aTeoría de la justicia
264 _a[México D.C., Mexico] :
_bFondo de Cultura Económica,
_c2012
300 _a549 páginas
490 _aFilosofía
650 _aLaw
856 _uhttps://public.digitaliapublishing.com/a/43089
942 _cCF
999 _c96812
_d96812